000 01185nam0a22002651 4500
001 rc\2813542
005 20260406141108.0
035 _a(NLR Aleph) 006939342
090 _a7627948
_c7627948
100 _a20110915d1945 u y0rusy50 ca
101 0 _arus
102 _aRU
105 _ay z |||a|
200 1 _aГоре от ума
_eКомедия в 4 д. в стихах
_fА. С. Грибоедов
_gРед., вступ. статья ["Творчество Грибоедова"] и комментарии Н. К. Пиксанова
210 _aМосква
_cГос. изд-во худож. лит-ры
_d1945
_gтип. "Кр. пролетарий"
215 _a144 с.
_d19 см.
700 1 _4070
_7ca
_8rus
_aГрибоедов
_bА. С.
_f1795-1829
_gАлександр Сергеевич
_9113290
_3RU\NLR\auth\773285
702 1 _4070
_4080
_4212
_7ca
_8rus
_aПиксанов
_bН. К.
_f1878-1969
_gНиколай Кирьякович
_980019
_3RU\NLR\AUTH\7797093
801 0 _aRU
_bNLR
_gpsbo
801 1 _aRU
_bELAR
_2rusmarc
852 _aNLR
_jЛ30 Г-3/226
942 _cBOOK
945 _aРоссийская национальная библиотека
980 _aNB
980 _aBV